000 00426nam a2200181Ia 4500
005 20250423095948.0
008 250422s9999 xx 000 0 und d
020 _a9788012124
050 _aKP 147 .B3/
100 _aBabalola Afe
245 0 _aLaw and practice of evidence in Nigeria
260 _albadan
260 _bSibon publisher
260 _c2007
300 _a582 p
650 _alaw of evidence
942 _cBK
999 _c31865
_d31865